Online
Catalog

Desigualdad social y degradación ambiental en América Latina / (Record no. 14566)

MARC details
000 -CABECERA
campo de control de longitud fija 00979cam a2200289 a 4500
001 - NÚMERO DE CONTROL
campo de control 000014993
005 - FECHA Y HORA DE LA ÚLTIMA TRANSACCIÓN
campo de control 20240502121957.0
008 - DATOS DE LONGITUD FIJA--INFORMACIÓN GENERAL
campo de control de longitud fija 990323s1998 ec b 000 0 spa d
020 ## - NÚMERO INTERNACIONAL ESTÁNDAR DEL LIBRO
Número Internacional Estándar del Libro 9978044418
035 ## - NÚMERO DE CONTROL DEL SISTEMA
Número de control de sistema (NNU)NYUb12007208
035 ## - NÚMERO DE CONTROL DEL SISTEMA
Número de control de sistema (OCoLC)ocm41272753
035 ## - NÚMERO DE CONTROL DEL SISTEMA
Número de control de sistema (CStRLIN)NYUGB12007208-B
040 ## - FUENTE DE LA CATALOGACIÓN
Centro catalogador/agencia de origen DO-SdBNP
Centro/agencia transcriptor MNO
Centro/agencia modificador DLC
-- BNPHU
042 ## - CÓDIGO DE AUTENTICACIÓN
Código de autenticación lccopycat
082 ## - NÚMERO DE LA CLASIFICACIÓN DECIMAL DEWEY
Número de clasificación 305
Número de documento/Ítem P332d
049 ## - FONDOS LOCALES (OCLC)
Fondos de biblioteca BNGR
100 1# - ENTRADA PRINCIPAL--NOMBRE DE PERSONA
Nombre de persona Paulson, Susan,
Fechas asociadas al nombre 1961-
9 (RLIN) 33940
245 10 - MENCIÓN DE TÍTULO
Título Desigualdad social y degradación ambiental en América Latina /
Mención de responsabilidad, etc. Susan Paulson ; edición Carlos Herz.
260 ## - PUBLICACIÓN, DISTRIBUCIÓN, ETC.
Lugar de publicación, distribución, etc. Quito :
Nombre del editor, distribuidor, etc. Abya-Yala :
-- Programa Bosques, Arboles y Comunidades Rurales,
Fecha de publicación, distribución, etc. 1998.
300 ## - DESCRIPCIÓN FÍSICA
Extensión 161 p. ;
Dimensiones 21 cm.
504 ## - NOTA DE BIBLIOGRAFÍA, ETC.
Nota de bibliografía, etc. Incluye referencias bibliográficas (p. 143-161).
650 #0 - PUNTO DE ACCESO ADICIONAL DE MATERIA--TÉRMINO DE MATERIA
Término de materia o nombre geográfico como elemento de entrada Igualdad
9 (RLIN) 12328
650 #4 - PUNTO DE ACCESO ADICIONAL DE MATERIA--TÉRMINO DE MATERIA
Término de materia o nombre geográfico como elemento de entrada Gestión ambiental
9 (RLIN) 33941
650 #4 - PUNTO DE ACCESO ADICIONAL DE MATERIA--TÉRMINO DE MATERIA
Término de materia o nombre geográfico como elemento de entrada Degradación ambiental
9 (RLIN) 33539
700 1# - PUNTO DE ACCESO ADICIONAL--NOMBRE DE PERSONA
Nombre de persona Herz, Carlos,
Término indicativo de función/relación ed.
9 (RLIN) 33942
910 ## - DATOS DE OPCIÓN DEL USUARIO (OCLC)
Datos de opción del usuario Catalogación por copia / LC
Holdings
Estado de retiro Estado de pérdida Restricciones de uso No para préstamo Código de colección Localización permanente Ubicación/localización actual Ubicación en estantería Fecha de adquisición Número de inventario Total de préstamos Signatura topográfica completa Código de barras Fecha visto por última vez Precio válido a partir de Tipo de ítem Koha
      Excluido de préstamo Monografías: Libros y Folletos General General En catalogación 28.01.2010 LF1   305 P332d 14993-10 25.06.2020 25.06.2020 No se presta

Powered by Koha